| 000 | 00555nam a22001937a 4500 | ||
|---|---|---|---|
| 003 | OSt | ||
| 005 | 20250206160327.0 | ||
| 008 | 230306b |||||||| |||| 00| 0 eng d | ||
| 020 | _a9781292251097 | ||
| 040 | _cChuka university Library | ||
| 050 |
_aKD 404 _b.F67 2019 |
||
| 100 |
_aFoster,Steve _98422 |
||
| 245 | _aLegal Writing Skills: A Guide to writing Essays and Answering Problem Questions/ | ||
| 250 | _a5th ed | ||
| 260 |
_aUK _bPearson Education Limited _c2019 |
||
| 300 | _a376p. | ||
| 650 |
_awriting skills _98423 |
||
| 942 |
_2lcc _cBK _n0 _02 |
||
| 999 |
_c13717 _d13717 |
||